000
00319nam a2200121Ia 4500
008
190722s9999 xx 000 0 und d
020
_a
978-81-203-2749-8
100
_a
Bimal K.Bose
245
0
_a
Modern Power Electronics and AC Drives
260
_a
New Delhi
_b
PHI Learning Pvt. Ltd.
_c
2014
300
_a
711
942
_c
BK
999
_c
308
_d
308